000 00256nam a22001097a 4500
008 170123b xxu||||| |||| 00| 0 eng d
020 _a9780323052177
041 _aeng
080 _24TH
_a618.2
245 _aCONTEMPORARY NURSING
_cJACOB, S.R
942 _2udc
_cBK
999 _c3419
_d3419